| 000 | 01305nam a22002537a 4500 | ||
|---|---|---|---|
| 999 |
_c22174 _d22174 |
||
| 003 | AR-CdUCM | ||
| 008 | 190425b ||||| |||| 00| 0 spa d | ||
| 040 |
_aMUNICIPALIDAD PROVINCIAL DEL CUSCO _cBIBLIOTECA MUNICIPAL DEL CUSCO |
||
| 082 | _aOropesa/N°60/2006 | ||
| 245 |
_aOropesa : _brevista de cultura y educación de opinión y crítica / _cAmérico Valer Vargas, Director |
||
| 260 |
_aCusco. _bPantigozo, _c2006. |
||
| 300 |
_a18 páginas. : _bilustraciones ; _c30 cm. |
||
| 440 |
_aOropesa. _nAño XXV, N°LX, diciembre 2006. _947596 |
||
| 505 | _aContenido: Valentín Paniagua Corazao partió un demócrata. -- Clorinda Matto de Turner escritora de protesta social. -- La educación peruana y el neoliberalismo. -- Gestiones de gobierno y promesas electorales. -- Navidades ecológicas. -- Tupac Amaru los mitos la construcción de la regionalización y la tolerancia. -- Cultura andina en Italia. -- Homenaje póstumo al gran líder sindical Emiliano Huamantica. | ||
| 650 |
_aPolítica cusqueña _947381 |
||
| 650 |
_aCultura andina _947570 |
||
| 650 |
_aSociedad cusqueña _947493 |
||
| 650 |
_aSiglo XX _947561 |
||
| 700 |
_aCanal Astete, Washington _947571 |
||
| 700 |
_aSaloma González, Adolfo _947592 |
||
| 700 |
_aValenzuela Lovón, Armando _91192 |
||
| 942 |
_2ddc _cPP |
||
| 945 | _arac | ||